| 000 | 00761nam a2200265 i 4500 | ||
|---|---|---|---|
| 001 | 16159 | ||
| 003 | ES-MaACL | ||
| 005 | 20250607063010.0 | ||
| 007 | t| | ||
| 008 | 000706s2000 sp ||||1| spa d | ||
| 020 | _a84-306-0371-9 | ||
| 080 | _a002:001.895:316.42 | ||
| 080 | _a392.4/6"19" | ||
| 100 | 1 |
_aGubern, Román, _d1934- _960377 |
|
| 245 | 1 | 3 |
_aEl eros electrónico / _cRoman Gubern. |
| 250 | _a2ª ed. | ||
| 260 |
_aMadrid : _bTaurus, _c2000. |
||
| 300 |
_a225 p. ; _c22 cm. |
||
| 490 | 1 | _aPensamiento | |
| 650 | 1 | 4 |
_aTecnología de la información- _xAspectos sociales. _917418 |
| 650 | 1 | 4 |
_aCostumbres sexuales- _yS.XX. _911402 |
| 830 | 0 |
_aPensamiento _9178722 |
|
| 852 |
_aES-MaACL _jL-23428 _bR.128542 |
||
| 999 |
_c16159 _d16159 |
||